000 00434nam a2200169Ia 4500
008 240729s9999 xx 000 0 und d
022 _a2332-8886
245 0 _aBioelectronic Medicine
260 _aUnited Kingdom
260 _bBMC
650 _a Medical technology
650 _a Medicine (General)
650 _aMedicine
856 _uhttps://doaj.org/toc/ee54599941e9427b97687cb111c276da
942 _2ddc
942 _cDOAJEJ
999 _c74151
_d74151
945 _a1
_bMadushi Gamage
_c1
_dMadushi Gamage